00000000nam 2200000zi 4500
0019.931891
003CaOODSP
00520241118150442
006m     o  d f      
007cr |n|||||||||
008231229e198902##qucdb   ob   f|0| 0 fre d
040 |aCaOODSP|bfre|erda|cCaOODSP
041 |afre|bfre|eeng
043 |an-cn-qu
0861 |aCW66-1449/1989F-PDF
1001 |aGraham, Douglas J., |eauteur.
24510|aEffets de l'arrosage de l'azinphos-méthyl, du malathion et du carbofuran sur les oiseaux nicheurs des pommeraies et des fraiseraies au Québec / |cDouglas Graham et Richard Poulin et Jean-Luc DesGranges.
264 1|a[Sainte-Foy, Québec] : |bService canadien de la faune, Région du Québec, |cfévrier 1989.
300 |a1 ressource en ligne ([xi], 79, [33] pages) : |bcartes, graphiques
336 |atexte|btxt|2rdacontent/fre
337 |ainformatique|bc|2rdamedia/fre
338 |aressource en ligne|bcr|2rdacarrier/fre
500 |aÉdition numérisée de l’imprimé [par Environnement et changement climatique Canada].
500 |aEn tête du titre : Programme sur les pesticides d'Environnement Canada.
504 |aComprend des références bibliographiques.
546 |aComprend un résumé en anglais.
650 0|aBirds|xEffect of pesticides on|zQuébec (Province)
650 0|aOrchards|zQuébec (Province)
650 6|aOiseaux|xEffets des pesticides sur|zQuébec (Province)
650 6|aVergers|zQuébec (Province)
7102 |aService canadien de la faune. |bRégion du Québec, |eorganisme de publication.
85640|qPDF|s8.41 Mo|uhttps://publications.gc.ca/collections/collection_2024/eccc/cw66/CW66-1449-1989-fra.pdf